000 01127nam0a2200301 4500
001 RU\NLR\bibl\1244519
005 20250615122200.0
010 _a978-5-94625-230-0
_910000
021 _aRU
_b2008-33341
_91834
035 _a(NLR Aleph) 001230675
090 _a196401
_c196401
100 _a20080625d2008 |||y0rusy50 ca
101 0 _arus
102 _aRU
105 _aa |||||||||
200 1 _aСветлое Христово Воскресение
_eкнига для чтения в школе и дома
_eдля начальных и средних учебных заведений
_f[сост. С. Шестакова]
210 _aМосква
_cИздательский Совет Русской Православной Церкви
_d2008
215 _a217, [1] c.
_cил.
_d27
225 1 _aПравославные праздники детям
320 _aБиблиогр.: с. 206-207
686 _aШ9
_bЭ
702 1 _aШестакова
_bС. М.
_4220
801 0 _aRU
_bNLR
_c20080625
_gRCR
801 1 _aRU
_bNLR
_c20080625
942 _cBOOK
980 _aNB